| 000 | 01008nam a2200217Ia 4500 | ||
|---|---|---|---|
| 999 |
_c39614 _d39614 |
||
| 001 | 6214 | ||
| 003 | GE_BSU | ||
| 005 | 20190505225435.0 | ||
| 008 | 181216s1980||||ge |||||||||||||| ||geo|| | ||
| 040 | _cGE_BSU | ||
| 041 | _ageo | ||
| 080 | _a629.113:658(072) ე-20 | ||
| 100 |
_aედილაშვილი, მ. _9718 |
||
| 245 |
_aავტოსარემონტო საწარმოთა დაპროექტების საფუძვლები : _bდამხმ. სახელმძღვ. / _cედილაშვილი, მ. ; რედ.პ.ლაბარტყავა. |
||
| 264 |
_aთბილისი : _bგანათლება, _c1980. |
||
| 300 |
_a140 გვ. ; _c20 სმ. |
||
| 504 | _aბიბლიოგრ. : გვ.137. | ||
| 653 | _aავტოსარემონტო საწარმოთა დაპროექტება | ||
| 700 |
_aლაბარტყავა, პ. _eრედაქტორი _9523 |
||
| 942 |
_cBK _2udc |
||